Largest Cities In Washington State - Statistics

General Stats
  • This quiz has been taken 37 times
  • The average score is 13 of 20
Answer Stats
Rank Population City % Correct
1 708,823 Seattle
93%
3 210,103 Tacoma
93%
5 142,242 Bellevue
85%
2 214,804 Spokane
85%
11 93,416 Yakima
78%
7 108,941 Everett
74%
4 178,413 Vancouver
74%
6 128,057 Kent
70%
13 87,071 Bellingham
67%
8 101,054 Renton
67%
9 96,110 Federal Way
63%
19 63,197 Redmond
59%
14 80,204 Kennewick
56%
12 88,079 Kirkland
56%
16 71,858 Pasco
48%
10 96,070 Spokane Valley
44%
20 59,606 Lakewood
41%
17 67,567 Marysville
41%
15 79,110 Auburn
37%
18 64,049 Sammamish
37%
No matching quizzes found
Score Distribution
Percent of People with Each Score
Percentile by Number Answered
Your Score History
You have not taken this quiz